000 00364nam a2200145Ia 4500
008 230917s9999||||xx |||||||||||||| ||und||
040 _e45809
_aMAIN
041 _aEnglish
082 _a200.1 M259I
100 _aMacgregor, Geddes
245 0 _aIntroduction to religious philosophy
260 _aLondon
_bMacMillan
_c1964
300 _axvi, 375 p.
942 _cBK
999 _c208088
_d208088